|
|
|
|
| LEADER |
01297nam a22002897a 4500 |
| 001 |
42665 |
| 003 |
BD-DhAAL |
| 008 |
240611t2008 ilua|||| |||| 00| 0 eng d |
| 020 |
|
|
|a 9780328215515
|
| 020 |
|
|
|a 0328215511
|
| 040 |
|
|
|a BD-DhAAL
|c BD-DhAAL
|
| 082 |
|
|
|a 372.43
|2 23
|
| 245 |
|
|
|a My sidewalks on Scott Foresman reading street.
|n [Level E, Unit 6] :
|b the unexpected /
|c program authors, Connie Juel ; Jeanne R. Paratore ; Deborah Simmons; Sharon Vaughn.
|
| 264 |
|
|
|a Glenview, Illinois :
|b Pearson/Scott Foresman,
|c c2008.
|
| 300 |
|
|
|a 144 pages :
|b color illustrations ;
|c 28 cm.
|
| 541 |
|
|
|a Donation from the Asia Foundation/Savar Campus Library
|e 42665
|
| 650 |
|
|
|a Reading
|x Remedial teaching.
|
| 650 |
|
|
|a Reading
|x Teaching aids and devices.
|9 56542
|
| 700 |
|
|
|a Juel, Connie.
|9 56544
|
| 700 |
|
|
|a Paratore, Jeanne R.
|9 56545
|
| 700 |
|
|
|a Simmons, Deborah.
|9 56546
|
| 700 |
|
|
|a Vaughn, Sharon.
|9 56547
|
| 710 |
|
|
|a Pearson/Scott Foresman.
|9 56543
|
| 852 |
|
|
|a Ayesha Abed Library
|
| 942 |
|
|
|2 ddc
|c BK
|
| 999 |
|
|
|c 46722
|d 46722
|
| 952 |
|
|
|0 0
|1 0
|2 ddc
|4 0
|6 372_430000000000000_MYS
|7 0
|9 75639
|a BRACUL
|b BRACUL
|c GEN
|d 2024-06-11
|e Donation from the Asia Foundation/Savar Campus Library
|l 0
|o 372.43 MYS
|p 3020042665
|r 2024-06-11
|t 1
|w 2024-06-11
|y BK
|x Donation from the Asia Foundation/Savar Campus Library
|